| 000 | 00443nam a2200133Ia 4500 | ||
|---|---|---|---|
| 008 | 260210s9999 xx 000 0 und d | ||
| 024 | _a10B-008-BS, 10B-25-BS & 10B-36-BS | ||
| 082 | _a005.072 HAM | ||
| 100 | _aHammad Hanif Mansoor, Syed Shahrooz Shamin & Bilawal Alee | ||
| 245 | 0 | _aAcademic Hub (Educational Portal) | |
| 260 |
_aKarachi: _bUITU, _c2010 |
||
| 600 | _aComputer Science | ||
| 650 | _aBachelor of Computer Science (BS) | ||
| 999 |
_c32410 _d32410 |
||